Správanie sa a využívanie možností agentov v makroekonomike

Salvato in:
Dettagli Bibliografici
Autore principale: Páchnik, Martin (Autore)
Altri autori: Zajac, Jaroslav, 1953- (Relatore della tesi)
Natura: Manoscritto Libro
Lingua:slovacco
Pubblicazione: Bratislava : STU v Bratislave FEI, 2001
Soggetti:
Tags: Aggiungi Tag
Nessun Tag, puoi essere il primo ad aggiungerne!!

MARC

LEADER 00000ntm a22000003a 4500
001 stu73548
005 20160719164759.0
008 020201s2001------------------------slo-d
040 |a STU  |b slo 
041 0 |a slo 
100 1 |a Páchnik, Martin  |4 aut 
245 1 |a Správanie sa a využívanie možností agentov v makroekonomike 
260 |a Bratislava :  |b STU v Bratislave FEI,  |c 2001 
300 |a 75 s 
650 7 |a informatika  |2 stusub 
700 1 |a Zajac, Jaroslav,  |d 1953-  |4 ths  |u E010  |T FEI Ústav riadenia a priemyselnej informatiky  |X 4951  |U E010  |Y E010  |7 A000004951 
996 |b EDIPL-6846  |c I*DIPL-6846  |l II680  |s A  |a 24  |w stu73548_0001